| 000 | 00855nas a2200289 4500 | ||
|---|---|---|---|
| 001 | BR0901005 | ||
| 003 | BR-BrBNA | ||
| 005 | 20231205113126.0 | ||
| 007 | ta | ||
| 008 | 230509b bl.|||p| |||| 00| 00por d | ||
| 040 |
_aBR-BrBNA _bpor _cBiblioteca Nacional de Agricultura |
||
| 041 | _a(Pt) | ||
| 072 | _aH60 | ||
| 100 | 1 | _aSilva, A.C. | |
| 100 | 1 | _aSantos, J.B. | |
| 100 | 1 | _aKasuya, M.C.M. | |
| 100 | 1 | _aSilva, A.A. | |
| 100 | 1 | _aManabe, A. | |
| 245 | 1 | _aMicorrização e época de dessecação de Brachiaria brizantha no desenvolvimento da soja | |
| 650 | _aBRACHIARIA BRIZANTHA | ||
| 650 | _aHERBICIDA | ||
| 650 | _aSOJA | ||
| 650 | _aMICORRIZA VESICULAR ARBUSCULAR | ||
| 773 | 0 |
_tPlanta Daninha (Brazil) _xISSN 0100-8358 _g(2006), v. 24(2) p. 271-277 _wBR0901005 |
|
| 909 |
_a202311 _bLúcia _c55 _dLúcia Elande |
||
| 942 |
_2AGRIS _n0 _cANA |
||
| 999 |
_c201984 _d201984 |
||